| 000 | 00000nam##2200000za#4500 |
| 001 | 9.700345 |
| 003 | CaOODSP |
| 005 | 20250319160020 |
| 007 | cr ||||||||||| |
| 008 | 150407|2009||||xxc|||||o f|0| 0 eng|d |
| 040 | |aCaOODSP|beng |
| 043 | |an-cn--- |
| 086 | 1 |aR5-39/2009E-PDF |
| 110 | 1 |aCanada. |bIndian and Northern Affairs Canada. |
| 245 | 10|aEvaluation of the Indian Government Support Programs : |h[electronic resource]|bfinal report / |c[published by the] Evaluation, Performance Measurement, and Review Branch. |
| 260 | |aOttawa - Ontario : |bIndian and Northern Affairs |cJuly 16, 2009. |
| 300 | |a51p.|btables |
| 504 | |aBibliography. |
| 590 | |a15-02-Supp|b2015-02-16 |
| 690 | 07|aIndigenous governments|2gcpds |
| 775 | 08|tÉvaluation des programmes de Soutien aux gouvernements indiens : |w(CaOODSP)9.644242 |
| 856 | 40|ahttp://publications.gc.ca|qPDF|s302 KB|uhttps://publications.gc.ca/collections/collection_2015/aadnc-aandc/R5-39-2009-eng.pdf |